Normal view
MARC view
Entry Topical Term
001 - CONTROL NUMBER
- control field: 6805
003 - CONTROL NUMBER IDENTIFIER
- control field: BD-RjUL
005 - DATE AND TIME OF LATEST TRANSACTION
- control field: 20230201112826.0
008 - FIXED-LENGTH DATA ELEMENTS
- fixed length control field: 230201|| aca||aabn | a|a d
040 ## - CATALOGING SOURCE
- Original cataloging agency: BD-RjUL
- Transcribing agency: BD-RjUL
150 ## - HEADING--TOPICAL TERM
- Topical term or geographic name entry element: লোকসাহিত্য
- General subdivision: ইতিহাস
- Geographic subdivision: বাংলাদেশ
670 ## - SOURCE DATA FOUND
- Source citation: Work cat.: (BD-RjUL)81159: মণ্ডল, অনুপম হীরা 6453, ফোকলোর তত্ত্ব ও বাংলা লোকসাহিত্য /